Rozšírené možnosti analýzy zásobovania budov energiou pomocou evolučných algoritmov : dát. obhaj. 26.8.2015, č. ved. odb. 5-2-30
Uložené v:
| Hlavný autor: | |
|---|---|
| Ďalší autori: | |
| Médium: | Rukopis Kniha |
| Jazyk: | Slovak German |
| Vydavateľské údaje: |
Bratislava :
STU v Bratislave FEI,
2015
|
| Predmet: | |
| On-line prístup: | http://is.stuba.sk/zp/portal_zp.pl?podrobnosti=73051 |
| Tagy: |
Žiadne tagy, Buďte prvý, kto otaguje tento záznam!
|
MARC
| LEADER | 00000ntm a22000003a 4500 | ||
|---|---|---|---|
| 001 | stuzp29866 | ||
| 003 | SK-STU | ||
| 005 | 20230413110559.6 | ||
| 007 | ta | ||
| 008 | 150427s2015----xo-----f-mn---000-0-slo-d | ||
| 040 | |a STU |b slo | ||
| 041 | 0 | |a ger | |
| 100 | 1 | |a Schulze, Christian |u 032000 |4 aut |U FEI Fakulta elektrotechniky a informatiky |T FEI Ústav elektroenergetiky a aplikovanej elektrotechniky |X 60161 |U E020 |Y 548 |7 A000060161 | |
| 242 | 0 | 1 | |a Advanced analysis of energy supply of buildings using evolutionary algorithms |y eng |
| 245 | 1 | 0 | |a Rozšírené možnosti analýzy zásobovania budov energiou pomocou evolučných algoritmov : |b dát. obhaj. 26.8.2015, č. ved. odb. 5-2-30 |
| 260 | |a Bratislava : |b STU v Bratislave FEI, |c 2015 | ||
| 300 | |a 130 s., |b AUTOREF. 2015, 36 s. | ||
| 650 | 4 | |a Slnečná energia |2 slo | |
| 650 | 4 | |a Solárne technológie |2 slo | |
| 650 | 4 | |a Systém dodávky tepelnej energie |2 slo | |
| 650 | 4 | |a Evolučné algoritmy |2 slo | |
| 650 | 4 | |a Zásobovanie budov energiou |2 slo | |
| 650 | 4 | |a Tepelné čerpadlo |2 slo | |
| 650 | 4 | |a Nekonvenčné zdroje energie |2 slo | |
| 650 | 4 | |a Sonnenenergie |2 ger | |
| 650 | 4 | |a Wärmepumpe |2 ger | |
| 650 | 4 | |a Unkonventionele Energiequellen |2 ger | |
| 650 | 4 | |a Wärmeenergieversorgungsanlage |2 ger | |
| 650 | 4 | |a Evolutionären Algorithmen |2 ger | |
| 650 | 4 | |a Energieversorgung von Gebäuden |2 ger | |
| 650 | 4 | |a Solarthermietechnik |2 ger | |
| 650 | 4 | |a energy supply in buildings |2 eng | |
| 650 | 4 | |a solar energy |2 eng | |
| 650 | 4 | |a solar technologies |2 eng | |
| 650 | 4 | |a unconventional energy sources |2 eng | |
| 650 | 4 | |a heat supply |2 eng | |
| 650 | 4 | |a evolutionary algorithms |2 eng | |
| 650 | 4 | |a heat pump |2 eng | |
| 700 | 1 | |a Janíček, František |4 ths |X 1958 |7 A000001958 | |
| 856 | 4 | |u http://is.stuba.sk/zp/portal_zp.pl?podrobnosti=73051 | |
| 996 | |b 284ED01516 |c E*ZP-380 |l EE01 |s A |a 24 |w stuzp29866_0001 | ||
| SQL | |a stuzp29866 |b DDZ |c GER |d Rozšírené možnosti analýzy zásobovania budov energiou pomocou evolučných algoritmov |e 60161 |f Schulze, Christian |g 032000 |h 1958 |i Janíček, František |j 20150826 |k 90 |l 03 |m http://is.stuba.sk/zp/portal_zp.pl?podrobnosti=73051 |n D-EE |o 5.2.30. elektroenergetika | ||